[Event "Østlandsserien 2011/2012, 3. div"]
[Site "Ås, Akershus NOR"]
[Date "2012.03.11"]
[Round "5"]
[White "Aarnes, Carl Christian"]
[Black "Moberg, Jan Rune"]
[Result "1-0"]
[WhiteElo "1696"]
[BlackElo "1603"]
[PlyCount "115"]
[EventDate "2011.11.06"]
[WhiteTeam "Nordstrand 4"]
[BlackTeam "Follo 2"]

1. d4 Nf6 2. c4 d6 3. g3 Nbd7 4. Bg2 e5 5. Nf3 Be7 6. dxe5 dxe5 7. O-O O-O 8.
Qc2 c6 9. Nc3 Qc7 10. Bg5 h6 11. Bd2 Re8 12. Rfd1 Nf8 13. Be1 Bd7 14. b3 Bg4
15. Rd2 Ne6 16. e3 Rad8 17. Rad1 Rxd2 18. Rxd2 Bb4 19. h3 Bh5 20. Nh4 Qa5 21.
Rd3 Nc5 22. Rd6 Na4 23. Ne4 Nxe4 24. Bxe4 Bxe1 25. g4 Nc5 26. Bh7+ Kh8 27. gxh5
Qc7 28. Rd1 Bb4 29. Bf5 Qe7 30. Nf3 Qf6 31. Bg4 Ne6 32. Qb2 Ng5 33. Nxg5 Qxg5
34. Qc2 e4 35. Kf1 f5 36. Be2 f4 37. exf4 Qxf4 38. Bg4 e3 (38... Qh2 {
vinner ifølge Fritz. F.eks.} 39. Ke2 (39. Qxe4 Rxe4 40. Rd8+ Kh7 41. Bf5+ g6
42. Bxg6+ Kg7 43. Bxe4 Qxh3+ 44. Kg1 Qxh5) 39... e3 40. Qg6 Rf8 41. Rf1 Qe5 42.
fxe3 Qb2+ 43. Kd3 Rxf1) 39. Qe2 Rf8 40. f3 Bd2 41. Kg2 Qd4 42. b4 Rf6 43. b5 c5
44. Rb1 Rd6 45. Rb3 Bc3 46. Kg3 Qf6 47. Qxe3 Bd2 48. Qe8+ Kh7 49. Qe4+ Kh8 50.
Bf5 Qg5+ 51. Kf2 Qd8 52. Rd3 Rxd3 53. Qxd3 Qh4+ 54. Kg2 Bf4 $2 {Tapstrekket.} (
54... Qg5+) (54... Qd4) 55. Qe4 Qg3+ 56. Kf1 Be5 57. Qxb7 g5 58. Qh7# 1-0

[Event "Østlandsserien 2011/2012, 3. div"]
[Site "Ås, Akershus NOR"]
[Date "2012.03.11"]
[Round "5"]
[White "Furnes, Torstein"]
[Black "Løken, Espen"]
[Result "1/2-1/2"]
[WhiteElo "1585"]
[BlackElo "1669"]
[PlyCount "93"]
[EventDate "2011.11.06"]
[WhiteTeam "Follo 2"]
[BlackTeam "Nordstrand 4"]

1. d4 e6 2. c4 f5 3. Nf3 Nf6 4. Bg5 Bb4+ 5. Nbd2 O-O 6. e3 b6 7. Be2 Bb7 8. O-O
Qe8 9. a3 Be7 10. b4 d6 11. b5 Nbd7 12. a4 a5 13. Qb3 h6 14. Bxf6 Bxf6 15. Rac1
Kh8 16. Qd3 Rd8 17. Nb3 Be4 18. Qd1 Qg6 19. Bd3 Bb7 20. Qe2 e5 21. Bb1 Rde8 22.
Qd1 e4 23. Ne1 Bg5 24. c5 Bd5 25. cxb6 cxb6 26. Rc7 Nf6 27. Qc2 f4 28. exf4
Bxf4 29. h3 Be6 30. Kh1 Qh5 31. Rc3 d5 32. Nc1 Rc8 33. Ne2 Bb8 ({
Svarts aller sterkeste fortsettelse er} 33... Rxc3 34. Nxf4 (34. Qxc3 Qxe2) (
34. Nxc3 $2 Bxh3 $1 {gir forsert matt i 5 trekk} 35. g3 Ng4 36. Nxe4 Bxf1+ 37.
Kg1 Be2 38. Qxe2 Qh2+ 39. Kf1 Qh1#) 34... Rxc2 35. Nxh5 Rb2 36. Nxf6 Rxb1 37.
Nh5 Rb4) 34. Rxc8 $2 (34. Ng1) 34... Rxc8 35. Qd2 Qh4 ({
Fritz påviser at svart ville fått et kraftig og vinnende kongeangrep etter} 
35... Bxh3 $3 36. Ng3 (36. Nf4 Bxg2+ 37. Kxg2 Qg4+ 38. Kh1 Bxf4) (36. gxh3 $4
Qxh3+ 37. Kg1 Qh2#) (36. f4 Bg4+ 37. Kg1 Bxe2) 36... Qh4 37. gxh3 Qxh3+ 38. Kg1
Ng4 39. f4 Bxf4 40. Rxf4 Qxg3+ 41. Kh1 e3 42. Qg2 Qxf4 43. Bc2 Rc3) 36. Ng1 Bf4
37. Qb2 Bd6 38. Bc2 Qf4 39. g3 Qg5 (39... Qd2 {er sterkest ifølge Fritz.}) 40.
Bd1 Nh5 41. Bxh5 Qxh5 42. Kg2 Bb4 ({Fritz foretrekker} 42... Qd1) 43. Nc2 Bd6
44. Ne3 Qg6 45. Rc1 Qe8 46. Rxc8 Qxc8 47. Qc2 1/2-1/2

[Event "Østlandsserien 2011/2012, 3. div"]
[Site "Ås, Akershus NOR"]
[Date "2012.03.11"]
[Round "5"]
[White "Dyrnes, Jussi"]
[Black "Høva, Frode"]
[Result "1-0"]
[WhiteElo "1620"]
[BlackElo "1573"]
[PlyCount "55"]
[EventDate "2011.11.06"]
[WhiteTeam "Nordstrand 4"]
[BlackTeam "Follo 2"]

1. Nf3 Nf6 2. b3 g6 3. Bb2 Bg7 4. e3 O-O 5. Be2 c5 6. O-O Nc6 7. c4 e6 8. Nc3
d5 9. d4 cxd4 10. exd4 b6 11. Ba3 Re8 12. c5 bxc5 13. Bxc5 Nd7 14. Bd6 a6 15.
Rc1 Nxd4 16. Nxd4 Qb6 17. Ndb5 axb5 18. Nxb5 Rxa2 19. Bc7 Qa6 20. Nd6 Rxe2 21.
Nxe8 Bh6 22. Ra1 Ra2 23. Rxa2 Qxa2 24. Qd4 Qxb3 $2 (24... Qd2) 25. Nf6+ Nxf6
26. Qxf6 Qb7 27. Be5 Qd7 28. Qh8# 1-0

[Event "Østlandsserien 2011/2012, 3. div"]
[Site "Ås, Akershus NOR"]
[Date "2012.03.11"]
[Round "5"]
[White "Thowsen, Alf Geir"]
[Black "Ness, Jarle"]
[Result "0-1"]
[WhiteElo "1151"]
[BlackElo "1616"]
[PlyCount "114"]
[EventDate "2011.11.06"]
[WhiteTeam "Follo 2"]
[BlackTeam "Nordstrand 4"]

1. d4 d5 2. c4 c6 3. Nc3 e6 4. Nf3 Nf6 5. e3 Be7 6. Bd2 Nbd7 7. Be2 Ne4 8. O-O
f5 9. Ne1 O-O 10. f3 Nxd2 11. Qxd2 Nf6 12. Rc1 Bd6 13. c5 Bc7 14. Nd3 Qe7 15.
b4 e5 16. Nxe5 Bxe5 17. dxe5 Qxe5 18. f4 Qe7 19. Rf3 Re8 20. Rg3 a5 21. bxa5
Rxa5 22. Nxd5 $1 Nxd5 23. Qxa5 Nxe3 24. Qd2 (24. Bh5 g6 25. Re1 Qd7 26. Rexe3
Rxe3 27. Rxe3 Qd4 28. Qe1 gxh5 29. Kh1) 24... Nd5 25. Bf3 Be6 26. Qd4 g6 27.
Rg5 Bf7 28. Rg3 Qc7 29. Bxd5 Bxd5 30. Re3 Ra8 31. Rce1 Be4 32. Qd6 Qxd6 33.
cxd6 Rxa2 34. Rd1 Ra8 35. Re2 Rd8 36. Ra2 Kf7 37. Ra5 Bd5 38. Ra7 Rd7 39. Re1
Be4 40. Rd1 Bd5 41. Re1 Be4 42. Rc1 Ke6 43. Rd1 Bd5 44. Rb1 b5 45. Rxd7 Kxd7
46. Kf2 Kxd6 47. g3 Kc5 48. Ke3 b4 49. Rc1+ Bc4 50. Kd2 Kd4 51. Kc2 Bd3+ 52.
Kb3 c5 53. Re1 Bc4+ 54. Kb2 Bd5 55. Re7 c4 56. Rxh7 c3+ 57. Kc1 b3 0-1

[Event "Østlandsserien 2010/2011, 2. div. B"]
[Site "Ås, Akershus NOR"]
[Date "2010.11.07"]
[Round "1"]
[White "Andersen, Per Oskar"]
[Black "Lange, David"]
[Result "1-0"]
[WhiteElo "1982"]
[BlackElo "1849"]
[PlyCount "103"]
[EventDate "2010.11.07"]
[WhiteTeam "SOSS 2"]
[BlackTeam "Follo 1"]

1. d4 d5 2. Bf4 Nf6 3. Nf3 g6 4. h3 Bg7 5. e3 O-O 6. c4 c6 7. Nc3 {
last book move} b6 8. Bd3 Bb7 9. O-O Nbd7 10. Qe2 dxc4 11. Bxc4 Nd5 12. Bg3
Nxc3 13. bxc3 c5 14. Rfd1 Qc8 15. Rac1 Re8 16. e4 a6 17. e5 b5 18. e6 bxc4 19.
exf7+ Kh8 20. fxe8=Q+ Qxe8 21. Ne5 e6 22. Nxd7 Qxd7 23. Be5 cxd4 24. Rxd4 Bd5
25. Re1 Ra7 26. Bxg7+ Qxg7 (26... Kxg7 27. Qe5+ Kg8 28. Qb8+ Kg7 29. Rxe6 $18)
27. Qe5 (27. Rxd5 $1 exd5 28. Qe8+ Qg8 29. Qe5+ Rg7 30. Rb1 $18) 27... Qxe5 28.
Rxe5 Rb7 29. Rd2 Kg7 30. Re1 Kf6 31. f3 Rb5 32. Kf2 Ke7 33. Ke3 Kd6 34. Kd4 a5
35. Ree2 Rb1 36. Rb2 Rd1+ 37. Red2 e5+ 38. Ke3 Rc1 39. Rbc2 Rb1 40. Kf2 Rb5 41.
Rb2 Rc5 42. Rb8 Ke6 43. Rh8 h5 44. Re8+ Kf6 45. Rb8 Be6 46. Rb6 Kf7 47. Rdd6
Bf5 48. g4 hxg4 49. hxg4 Bd3 50. Rdc6 (50. Rd7+ Ke8 51. Rh7 Kd8 52. Rb8+ Rc8
53. Rbb7 Rc7 54. Rhxc7) 50... Rxc6 51. Rxc6 a4 52. Rb6 1-0

[Event "Østlandsserien 2010/2011, 2. div. B"]
[Site "Ås, Akershus NOR"]
[Date "2010.11.07"]
[Round "1"]
[White "Lange, Holger"]
[Black "Førland, Tor Egil"]
[Result "0-1"]
[WhiteElo "1660"]
[BlackElo "1839"]
[PlyCount "80"]
[EventDate "2010.11.07"]
[WhiteTeam "Follo 1"]
[BlackTeam "SOSS 2"]

1. d4 Nf6 2. c4 c5 3. d5 b5 4. cxb5 a6 5. e3 d6 6. Nc3 g6 7. Nf3 Bg7 8. Be2 O-O
9. O-O {last book move} Nfd7 10. Bd2 axb5 11. Bxb5 Ba6 12. Bxa6 Nxa6 13. a3 Nb6
14. e4 Nc4 15. Rb1 Qa5 16. Ne2 Nxd2 17. Qxd2 Nc7 18. Rfd1 Rfb8 19. Qc2 Qa4 20.
Qxa4 Rxa4 21. e5 dxe5 22. Nc3 Ra5 23. Nd2 f5 24. Nc4 Ra6 25. d6 exd6 26. Nxd6
e4 27. Nc4 Ne6 28. Nd5 Nd4 29. b4 cxb4 30. axb4 Rd8 31. b5 Ra4 32. Nce3 Rb8 33.
b6 Ra5 34. Rxd4 Bxd4 35. Ne7+ Kf7 36. Nc6 Rxb6 37. Nd8+ Ke8 38. Rxb6 Bxb6 39.
Nc6 Ra1+ 40. Nf1 e3 0-1

[Event "Østlandsserien 2010/2011, 2. div. B"]
[Site "Ås, Akershus NOR"]
[Date "2010.11.07"]
[Round "1"]
[White "Andersen, Rune T"]
[Black "Høva, Frode"]
[Result "0-1"]
[WhiteElo "1712"]
[BlackElo "1594"]
[PlyCount "129"]
[EventDate "2010.11.07"]
[WhiteTeam "SOSS 2"]
[BlackTeam "Follo 1"]

1. d4 Nf6 2. c4 g6 3. Nc3 d5 4. cxd5 Nxd5 5. Nf3 Bg7 6. Qb3 Nb6 7. Bg5 O-O 8.
Rd1 {last book move} N8d7 9. e3 Nf6 10. Be2 c6 11. O-O Be6 12. Qc2 Nbd5 13. a3
Qa5 14. Ne5 Nxc3 15. bxc3 Qxa3 16. Ra1 Qd6 17. Bf4 Qd8 18. Qb2 Qb6 19. Qa3 Qd8
20. Rfb1 Qc8 21. Bg3 Ne4 22. Nf3 Nxg3 23. hxg3 Qc7 24. Bd3 h6 25. Rb2 b5 26.
Qc5 Qd6 27. Qxd6 exd6 28. Ra6 Rfc8 29. Be4 d5 30. Bd3 Rc7 31. Nd2 Bc8 32. Ra5
a6 33. e4 dxe4 34. Bxe4 Be6 35. Rbxb5 cxb5 36. Bxa8 Rxc3 37. Rxa6 Bxd4 38. Nf3
Rc1+ 39. Kh2 Bxf2 40. Be4 b4 41. Bxg6 b3 42. Be4 Kg7 43. Ra8 f5 44. Bd3 Rd1 45.
Ra6 Rxd3 46. Rxe6 Bc5 47. Re1 b2 48. Rb1 Rb3 49. Nd2 Rb4 50. Nc4 Rxc4 51. Rxb2
Kg6 52. Rb3 Kg5 53. Rf3 Rd4 54. Rc3 Bd6 55. Rf3 h5 56. Kg1 Kg4 57. Rf1 Bxg3 58.
Rb1 Rd3 59. Rb4+ Bf4 60. Rb1 Kg3 61. Rf1 h4 62. Kh1 Kg4 63. Kg1 h3 64. gxh3+
Rxh3 65. Rd1 0-1

[Event "Østlandsserien 2010/2011, 2. div. B"]
[Site "Ås, Akershus NOR"]
[Date "2010.12.05"]
[Round "2"]
[White "Smeby, Ole"]
[Black "Lange, David"]
[Result "1-0"]
[WhiteElo "1848"]
[BlackElo "1849"]
[PlyCount "47"]
[EventDate "2010.11.07"]
[WhiteTeam "Kongsvinger"]
[BlackTeam "Follo 1"]

1. d4 d5 2. Nf3 Nf6 3. c4 c6 4. e3 g6 5. Bd3 Bg7 6. Nc3 O-O 7. O-O b6 8. Ne5
Bb7 9. Bd2 Nbd7 10. f4 e6 11. Rc1 Qe7 12. cxd5 Nxd5 13. Nxd5 cxd5 14. Rc7 Bxe5
15. fxe5 Bc8 16. Qa4 Nc5 17. Qc6 Bd7 18. dxc5 Bxc6 19. Rxe7 bxc5 20. Ba6 c4 21.
Rc7 Ba4 22. Bb4 Rab8 23. Bxf8 Rxf8 24. Rxa7 1-0

[Event "Østlandsserien 2010/2011, 2. div. B"]
[Site "Ås, Akershus NOR"]
[Date "2010.12.05"]
[Round "2"]
[White "Lange, Holger"]
[Black "Jørgensen, Ørjan"]
[Result "1-0"]
[WhiteElo "1660"]
[BlackElo "1242"]
[PlyCount "77"]
[EventDate "2010.11.07"]
[WhiteTeam "Follo 1"]
[BlackTeam "Kongsvinger"]

1. e4 d5 2. exd5 Nf6 3. c4 c6 4. dxc6 Nxc6 5. Nf3 Bg4 6. Be2 e6 7. O-O Be7 8.
Nc3 O-O 9. d3 Qd7 10. Be3 Rfd8 11. Ne1 Bxe2 12. Qxe2 Nd4 13. Bxd4 Qxd4 14. Rd1
a6 15. Nf3 Qg4 16. h3 Qh5 17. Qe5 Qxe5 18. Nxe5 Rd6 19. d4 Rad8 20. Nf3 g5 21.
Rfe1 h5 22. d5 g4 23. hxg4 hxg4 24. Nh2 Kg7 25. dxe6 Rh8 26. exf7 Kxf7 27. Rxd6
Bxd6 28. g3 Bc5 29. Re2 Nh7 30. Nxg4 Ng5 31. Kg2 Nh3 32. Ne4 Be7 33. Ne5+ Kg7
34. Nf3 Kg6 35. Nc3 Bf6 36. Nd5 Bg5 37. Re6+ Kf7 38. Nxg5+ Nxg5 39. Re7+ 1-0

[Event "Østlandsserien 2010/2011, 2. div. B"]
[Site "Moss, Østfold NOR"]
[Date "2011.01.15"]
[Round "3"]
[White "Lange, David"]
[Black "Olsen, Robin"]
[Result "1/2-1/2"]
[WhiteElo "1849"]
[BlackElo "1864"]
[PlyCount "99"]
[EventDate "2010.11.07"]
[WhiteTeam "Follo 1"]
[BlackTeam "Moss 3"]

1. d4 Nf6 2. c4 c5 3. e3 g6 4. Nf3 Bg7 5. Nc3 O-O 6. Bd3 cxd4 7. exd4 d5 8. O-O
Nc6 9. Be3 dxc4 10. Bxc4 Bg4 11. Be2 Nd5 12. h3 Bxf3 13. Bxf3 Nxe3 14. fxe3 Qb6
15. Qe2 Rac8 16. Rac1 Bh6 17. Rfe1 Rfd8 18. Kh1 Kf8 19. Na4 Qa5 20. Bxc6 Rxc6
21. Rxc6 bxc6 22. b3 e5 23. Rd1 exd4 24. Rxd4 Rxd4 25. exd4 Qd2 26. Qxd2 Bxd2
27. Nc5 Ke7 28. Kg1 Be3+ 29. Kf1 Bxd4 30. Ne4 f5 31. Ng5 h6 32. Nf3 Bf6 33. Ke2
Kd6 34. Kd3 Kc5 35. Nd2 Kd5 36. Nf3 g5 37. g4 f4 38. Nd2 Bd4 39. Nf3 c5 40. Nd2
Be3 41. Nf3 Bc1 42. Ng1 Bb2 43. Nf3 Bf6 44. Nd2 Bd4 45. Nf3 Bf2 46. Nd2 Be3 47.
Nf3 Bf2 48. Nd2 Bd4 49. Nf3 Bf6 50. Nd2 1/2-1/2

[Event "Østlandsserien 2010/2011, 2. div. B"]
[Site "Moss, Østfold NOR"]
[Date "2011.01.15"]
[Round "3"]
[White "Onstad, Lars"]
[Black "Lange, Holger"]
[Result "1-0"]
[WhiteElo "1786"]
[BlackElo "1660"]
[PlyCount "109"]
[EventDate "2010.11.07"]
[WhiteTeam "Moss 3"]
[BlackTeam "Follo 1"]

1. d4 Nf6 2. c4 e6 3. Nc3 Bb4 4. a3 Bxc3+ 5. bxc3 c5 6. Qc2 d6 7. Bg5 Nbd7 8.
Nf3 O-O 9. g3 cxd4 10. cxd4 Qa5+ 11. Bd2 Qc7 12. Rc1 b6 13. Bg2 Bb7 14. Nh4
Rac8 15. O-O Bxg2 16. Nxg2 d5 17. Ne3 Qb7 18. Qb2 dxc4 19. Nxc4 Qa6 20. Nd6
Rxc1 21. Bxc1 Qa5 22. e4 Qh5 23. f3 Rd8 24. e5 Nd5 25. Qc2 Qg6 26. Qxg6 hxg6
27. Bd2 Nf8 28. Rc1 Rd7 29. Kf1 Rc7 30. Rxc7 Nxc7 31. Ke2 Nd7 32. Kd3 f6 33. f4
Kf8 34. a4 a5 35. Kc4 Ke7 36. Bc1 Kd8 37. h4 Nb8 38. Nf7+ Ke7 39. Nh8 Nd7 40.
Nxg6+ Kf7 41. h5 f5 42. Nh4 Nb8 43. Nf3 g6 44. h6 Nd7 45. Ng5+ Kg8 46. Ba3 Nb8
47. Bd6 Nba6 48. Be7 Nd5 49. h7+ Kh8 50. Bf6+ Nxf6 51. exf6 Nb8 52. f7 Nd7 53.
Nxe6 Kxh7 54. f8=Q Nxf8 55. Nxf8+ 1-0

[Event "Østlandsserien 2010/2011, 2. div. B"]
[Site "Moss, Østfold NOR"]
[Date "2011.01.15"]
[Round "3"]
[White "Moberg, Jan Rune"]
[Black "Hansen, Kjetil Lund"]
[Result "0-1"]
[WhiteElo "1569"]
[BlackElo "1758"]
[PlyCount "78"]
[EventDate "2010.11.07"]
[WhiteTeam "Follo 1"]
[BlackTeam "Moss 3"]

1. d4 d5 2. c4 e6 3. Nf3 Nf6 4. g3 Bb4+ 5. Nc3 Ne4 6. Qc2 O-O 7. Bg2 c5 8. O-O
f5 9. a3 Bxc3 10. bxc3 Qa5 11. Bd2 Bd7 12. a4 dxc4 13. Ne5 cxd4 14. Nxd7 Nxd7
15. Bxe4 fxe4 16. cxd4 Qd5 17. Bc3 Rf6 18. Rab1 a6 19. f3 exf3 20. e4 Qg5 21.
Rxb7 Qe3+ 22. Rf2 Rf7 23. e5 Nxe5 24. Rxf7 Nxf7 25. Qd2 Qe4 26. Qf4 Qxf4 27.
gxf4 Rb8 28. Rxf3 Nd6 29. d5 exd5 30. Be5 Rb1+ 31. Kg2 Nf5 32. Rf2 d4 33. Kf3
Re1 34. Rb2 Re3+ 35. Kf2 Rb3 36. Rd2 c3 37. Rd1 c2 38. Rc1 d3 39. Ke1 Ne3 0-1

[Event "Østlandsserien 2010/2011, 2. div. B"]
[Site "Moss, Østfold NOR"]
[Date "2011.01.15"]
[Round "3"]
[White "Solli, Espen"]
[Black "Furnes, Torstein"]
[Result "1-0"]
[WhiteElo "1411"]
[BlackElo "1551"]
[Annotator "Furnes,Torstein"]
[PlyCount "55"]
[EventDate "2010.11.07"]
[WhiteTeam "Moss 3"]
[BlackTeam "Follo 1"]

1. d4 d5 2. Nf3 Nf6 3. g3 Bf5 4. Bg2 e6 5. O-O Be7 6. Nbd2 O-O 7. c4 (7. Nh4)
7... Nbd7 8. cxd5 (8. Nh4) 8... exd5 9. b3 c6 10. Bb2 Ne4 11. Nxe4 Bxe4 12. Nd2
Bxg2 13. Kxg2 Nf6 14. Qc2 Re8 15. e3 Bd6 16. a3 Qd7 17. Rae1 Qg4 18. f3 Qg5 19.
e4 Bxg3 $2 {Dette offeret er nok for optimistisk. Fritz 10 anslår at svarts
fordel før offeret er pa ca. 0.7, mens etter offeret er fordelen snudd til
hvit fordel på ca. 0.4. Istedet for offeret kunne svart beholdt fordelen med f.
eks. Lf4 eller Dg6.} 20. hxg3 Nh5 {Fritz mener at Kf2 er best for hvit her.}
21. g4 (21. Kf2 Qxg3+ 22. Ke2 Nf4+ 23. Kd1 {og hvit står best.}) 21... Nf4+ {
Her var 21.-f5! et interessant trekk som gir spennende varianter og som Fritz
mener gir remis ved optimalt spill av begge.} (21... f5 $1 22. exf5 (22. Qd1
Nf4+ 23. Kg3 fxg4 24. fxg4 Nd3) (22. Rh1 Nf4+ 23. Kg3 h5 24. exf5 hxg4 {
og Fritz mener at hvit må gi tilbake offiseren:} 25. Ne4 (25. Re5 gxf3+ 26.
Kxf3 Rxe5 27. dxe5 Qg2+ 28. Kxf4 Qf2+ 29. Kg4 Qg2+ {med remis.}) (25. fxg4 $4
Ne2+ 26. Rxe2 Rxe2 $19) 25... dxe4 26. fxe4 Nh5+ 27. Kg2 Nf4+ {
med remis ifølge Fritz.}) 22... Nf4+ 23. Kg3 (23. Kg1 $6 Qh4 {
og hvit er nødt til a gi tilbake offiseren:} 24. Ne4 dxe4 25. fxe4 Qxg4+ {
med svart fordel.}) 23... Nh5+ 24. Kg2 Nf4+ {med trekkgjentagelse.}) 22. Kg3 (
22. Kf2 Qh4+ 23. Ke3 Ng2+ 24. Ke2 Nxe1 $15) 22... Nh5+ $6 {Også her er f5!
svarts beste sjanse, og Fritz vurderer det til remis ved beste spill fra begge.
Variantene og ideene blir omtrent de samme som i analysene av 21.-f5!} (22...
f5 $1) 23. Kf2 Qh4+ 24. Ke3 {
Fritz mener at hvit bør spille 24.Ke2, selv om svart da får en springergaffel.}
(24. Ke2 Ng3+ 25. Kd1 Nxf1) 24... Ng3 (24... Qg5+ {er svarts beste sjanse.} 25.
Ke2 (25. Kd3 $6 Nf4+ 26. Kc3 c5 $1 $11) 25... Ng3+ 26. Kd1 Nxf1) 25. Rg1 dxe4
$2 (25... Qh2) 26. Nxe4 Rxe4+ $4 {
Stillingen er uansett tapt nå, så jeg gjorde et siste forsøk på å få til noe.}
27. fxe4 Re8 28. Kf3 1-0

[Event "Østlandsserien 2010/2011, 2. div. B"]
[Site "Ås, Akershus NOR"]
[Date "2011.01.16"]
[Round "4"]
[White "Ulvin, Dag"]
[Black "Larsen, Joakim"]
[Result "0-1"]
[WhiteElo "2176"]
[BlackElo "1899"]
[PlyCount "68"]
[EventDate "2010.11.07"]
[WhiteTeam "Lillestrøm"]
[BlackTeam "Follo 1"]

1. d4 Nf6 2. Nf3 g6 3. Bg5 Bg7 4. Nbd2 d6 5. e3 O-O 6. Bd3 Nc6 7. c3 Qe8 8. O-O
e5 9. e4 h6 10. Bh4 Nh5 11. dxe5 dxe5 12. Bb5 a6 13. Ba4 Be6 14. Qc2 f5 15.
exf5 gxf5 16. Rfe1 b5 17. Bb3 e4 18. Bg3 Bxb3 19. Nxb3 Qf7 20. Nfd4 Nxg3 21.
Nxc6 Nh5 22. Qd2 Rae8 23. Rad1 Qg6 24. Qd7 Kh7 25. Nc5 Nf4 26. g3 Nh3+ 27. Kg2
Qg4 28. Nxe4 Nf4+ 29. Kg1 Ne2+ 30. Kg2 Qxe4+ 31. f3 Qe6 32. Qxe6 Rxe6 33. Nb4
Rfe8 34. Kf2 Nxc3 0-1

[Event "Østlandsserien 2010/2011, 2. div. B"]
[Site "Ås, Akershus NOR"]
[Date "2011.01.16"]
[Round "4"]
[White "Lange, Holger"]
[Black "Matthews, Ben"]
[Result "1-0"]
[WhiteElo "1660"]
[BlackElo "1705"]
[PlyCount "33"]
[EventDate "2010.11.07"]
[WhiteTeam "Follo 1"]
[BlackTeam "Lillestrøm"]

1. e4 e6 2. d4 d5 3. Nd2 Nc6 4. c3 e5 5. exd5 Qxd5 6. Qe2 Bf5 7. dxe5 O-O-O 8.
Ngf3 Nh6 9. Qc4 Qd7 10. Be2 Ng4 11. Qf4 g5 12. Qa4 Bc5 13. O-O Qe7 14. Ne4 Bxe4
15. Qxe4 f5 16. Qxf5+ Qd7 17. e6 1-0

[Event "Østlandsserien 2010/2011, 2. div. B"]
[Site "Ås, Akershus NOR"]
[Date "2011.01.16"]
[Round "4"]
[White "Barton, Zdenek"]
[Black "Moberg, Jan Rune"]
[Result "1-0"]
[WhiteElo "1641"]
[BlackElo "1569"]
[PlyCount "43"]
[EventDate "2010.11.07"]
[WhiteTeam "Lillestrøm"]
[BlackTeam "Follo 1"]

1. e4 e5 2. f4 exf4 3. Nf3 Be7 4. Bc4 c6 5. O-O d5 6. exd5 cxd5 7. Bb5+ Nc6 8.
d4 g5 9. Ne5 Qc7 10. Qh5 Be6 11. b3 Bf6 12. Qe2 Nge7 13. c3 O-O 14. Nxc6 Nxc6
15. Bb2 h5 16. Nd2 g4 17. Rac1 Qb6 18. Bxc6 Qxc6 19. Rxf4 Be7 20. c4 Qa6 21.
Rff1 Bd6 22. Qe3 {Resten av partiet (40 trekk) lar seg ikke rekonstruere.} 1-0

[Event "Østlandsserien 2010/2011, 2. div. B"]
[Site "Ås, Akershus NOR"]
[Date "2011.01.16"]
[Round "4"]
[White "Furnes, Torstein"]
[Black "Ramsøy, Sveinung"]
[Result "1-0"]
[WhiteElo "1551"]
[BlackElo "1499"]
[Annotator "Furnes,Torstein"]
[PlyCount "109"]
[EventDate "2010.11.07"]
[WhiteTeam "Follo 1"]
[BlackTeam "Lillestrøm"]

1. d4 Nf6 2. c4 g6 3. Nc3 d5 4. cxd5 Nxd5 5. e4 Nxc3 6. bxc3 Bg7 7. Nf3 O-O 8.
Be2 c5 9. O-O Nc6 10. Be3 cxd4 11. cxd4 Bg4 12. Rb1 {I åpningsbiblioteket til
Fritz finnes ikke dette trekket. Der fortsetter det bare med tre partier med
12.d5. Hovedvarianten er:} (12. d5 Ne5 (12... Bxa1 $6 {regnes som dårlig.} 13.
Qxa1 Bxf3 14. Bxf3 Na5 15. Bh6 f6 16. Bxf8) 13. Nxe5 Bxe2 14. Qxe2 Bxe5 15.
Rab1 Qd7 16. f4 Bg7) 12... Bxf3 13. Bxf3 Nxd4 14. Rxb7 Nxf3+ 15. Qxf3 Re8 16.
Rd1 {Det har ingen hensikt å slå bonden på a7, siden svart vinner bonden
tilbake snart og får aktivisert sine brikker.} (16. Rxa7 Rxa7 17. Bxa7 Qa5) (
16. Bxa7 Qa5 17. Be3 Qxa2) 16... Qa5 17. Qe2 {Så langt har vi fulgt partiet
Ruzicka (2069) - Stepanovic (2057), Piestany 2004. Men der avviker partiet med
17.-a6.} Bf8 18. Rdd7 a6 19. Bb6 $6 (19. Rd5) 19... Qb5 20. Qd1 (20. Qxb5 axb5
21. Ba7 Red8 22. Rxd8 Rxd8 23. Kf1) 20... Qc4 21. Qb1 Rec8 22. Rbc7 (22. h3)
22... Rxc7 23. Rxc7 Qb5 24. Qxb5 axb5 25. Rc2 Ra4 26. f3 f6 27. Kf2 Kf7 28. Bc5
Bh6 29. a3 Bf4 30. g3 Bd6 31. Bxd6 exd6 32. Rc3 Ke6 33. Rb3 h5 34. Ke3 f5 35.
exf5+ gxf5 36. Rxb5 Rxa3+ 37. Kf4 Ra4+ 38. Kg5 d5 39. Kxh5 d4 40. Kg5 d3 41.
Rb1 Ke5 42. Re1+ {
Fritz mener dette er tvilsomt og vil heller begynne å gå med h-bonden.} (42. h4
) 42... Kd4 43. Kxf5 Kc3 44. h4 {Her tenkte jeg lenge på å spille Td1 eller
Te3 for deretter å ofre tårnet på bonden og satse på at de tre fribøndene
vinner greit (det bør ihvertfall ikke tape, og stillingen i matchen var nå 2-1
til oss, slik at remis var bra nok). Men jeg hadde lyst å få bøndene litt
lenger frem før jeg ofret tårnet. En mulig variant kunne blitt:} (44. Re3 Kc2
45. f4 d2 46. Re2 Kc1 47. Rxd2 Kxd2 {Men i akkurat denne stillingen kan
sluttspilldatabaser slå fast at stillingen er remis ved beste spill av begge
parter. Men det er små marginer: med kongen på g5 eller g6 istedenfor ville
stillingen vært vunnet for hvit (matt i hhv 26 eller 39 trekk !)}) 44... Kd2
45. Rh1 Ke2 46. f4 Kf3 (46... d2 47. h5 d1=Q 48. Rxd1 Kxd1 {er ifølge slu
ttspilldatabaser enkel vinst for hvit, men hvis bonden bare hadde stått på h4
ville det vært remis.}) 47. Rd1 (47. h5 Kxg3 48. Kg5 d2 49. h6 Rxf4 50. Rg1+
Kf3 {og hvit har ikke mer enn remis ifølge sluttspillbase. F.eks.} (50... Kf2
$4 51. Rd1) (50... Kh2 $4 51. Rd1) 51. h7 Rf8 52. Rf1+ Ke2 53. Rxf8 d1=Q 54.
h8=Q Qg1+ {og hvit slipper ikke unna sjakkene.}) 47... Rd4 48. Ke5 Rd8 (48...
Re4+) 49. f5 Re8+ 50. Kf6 Kxg3 $2 (50... Ke2 51. Rxd3 Kxd3 {
er faktisk ikke vunnet for hvit selv om bønder og konge har kommet langt fram.}
) 51. Rxd3+ Kxh4 52. Kf7 {Na er resten enkelt.} Ra8 53. f6 Kg5 54. Kg7 Ra7+ 55.
f7 1-0

[Event "Østlandsserien 2010/2011, 2. div. B"]
[Site "Oslo NOR"]
[Date "2011.02.13"]
[Round "5"]
[White "Larsen, Joakim"]
[Black "Botheim, Tor"]
[Result "1-0"]
[WhiteElo "1899"]
[BlackElo "1921"]
[PlyCount "59"]
[EventDate "2010.11.07"]
[WhiteTeam "Follo I"]
[BlackTeam "SK 1911 II"]

1. e4 c5 2. d4 cxd4 3. c3 dxc3 4. Nxc3 d6 5. Bc4 e6 6. Nf3 Nf6 7. Qe2 Be7 8.
O-O O-O 9. Rd1 a6 10. Bf4 Nc6 11. e5 Nh5 12. Be3 Qc7 13. g4 dxe5 14. gxh5 f5
15. Rac1 e4 16. Nd4 Ne5 17. Nd5 Qd8 18. Nc7 Bd6 19. Ncxe6 Qh4 20. Bg5 Nf3+ 21.
Nxf3 Qg4+ 22. Kh1 exf3 23. Nd4+ Kh8 24. Nxf3 Bb8 25. h6 b5 26. hxg7+ Kxg7 27.
Qe7+ Kg6 28. Rd6+ Bxd6 29. Qxd6+ Kg7 30. Bh6+ 1-0

[Event "Østlandsserien 2010/2011, 2. div. B"]
[Site "Oslo NOR"]
[Date "2011.02.13"]
[Round "5"]
[White "Kjøita, Henning"]
[Black "Lange, David"]
[Result "1/2-1/2"]
[WhiteElo "1858"]
[BlackElo "1806"]
[PlyCount "45"]
[EventDate "2010.11.07"]
[WhiteTeam "SK 1911 II"]
[BlackTeam "Follo I"]

1. e4 c5 2. Nf3 d6 3. d4 cxd4 4. Nxd4 Nf6 5. Nc3 a6 6. Bg5 e6 7. Qf3 Be7 8.
O-O-O O-O 9. Bd3 Nc6 10. Nxc6 bxc6 11. Qg3 e5 12. Be2 Nh5 13. Bxe7 Nxg3 14.
Bxd8 Nxe2+ 15. Nxe2 Rxd8 16. Rhe1 Be6 17. Ng3 f6 18. Re3 g6 19. Rc3 Rac8 20.
Ra3 Ra8 21. Rc3 Rac8 22. Ra3 Ra8 23. Rc3 1/2-1/2